000 00797cam a22002653a 4500
001 23713
003 PGUSA
005 20140828083515.0
008 071201s2007||||xxu|||||s|||||000 1 eng d
040 _aPGUSA
_beng
042 _adc
050 4 _aPS
100 1 _aBurroughs, Edgar Rice,
_d1875-1950
245 1 0 _aWarlord of Mars
_h[electronic resource] /
_cEdgar Rice Burroughs
260 _bProject Gutenberg,
_c2007
506 _aPublic domain in the USA.
516 _aElectronic text
653 _aDejah Thoris (Fictitious character) -- Fiction
653 _aScience fiction
653 _aCarter, John (Fictitious character) -- Fiction
653 _aMars (Planet) -- Fiction
830 0 _aProject Gutenberg
_v23713
856 4 0 _uhttp://www.gutenberg.org/ebooks/23713
942 _cEB
999 _c252968
_d252968